LEADER 01342nam 2200373Ia 450 001 996389264503316 005 20210104171917.0 035 $a(CKB)4940000000094554 035 $a(EEBO)2240875459 035 $a(OCoLC)ocn625106239e 035 $a(OCoLC)625106239 035 $a(EXLCZ)994940000000094554 100 $a20100521d1677 uy 0 101 0 $aeng 135 $aurbn||||a|bb| 200 03$aAn answer to Sir Sam. Moreland's bill and printed paper$b[electronic resource] $ethe pump or engine proposed to be enacted .. 210 $a[London $cs.n.$d1677] 215 $a1 sheet ([1] p.) 300 $aCaption title. 300 $aDocket title in ms.: The Proposition of James Ward of Langley Marsh neare Windsore for the raising water. May 1677. 300 $aPlace and date of publication suggested by the British Library catalog. 300 $aReproduction of original in: British Library. 330 $aeebo-0018 606 $aPumping machinery$vEarly works to 1800 606 $aPatents$zEngland$vEarly works to 1800 608 $aBroadsides$zEngland$y17th century.$2rbgenr 615 0$aPumping machinery 615 0$aPatents 801 0$bUMI 801 1$bUMI 906 $aBOOK 912 $a996389264503316 996 $aAn answer to Sir Sam. Moreland's bill and printed paper$92414797 997 $aUNISA